书目信息 |
| 题名: |
海空雄鹰
|
|
| 作者: | 王校轩 编著 | |
| 分册: | ||
| 出版信息: | 北京 国防大学出版社 1998.3 |
|
| 页数: | 243页 | |
| 开本: | 32开 | |
| 丛书名: | 现代兵种与战争丛书 | |
| 单 册: | ||
| 中图分类: | E15-51 | |
| 科图分类: | ||
| 主题词: | 武装力量--世界 , 军种--世界 , 兵种--世界 | |
| 电子资源: | ||
| ISBN: | 7-5626-0790-7 | |
| 000 | 00742nam2 2200253 45 | |
| 001 | 0002220986 | |
| 005 | 20031230171524.8 | |
| 010 | @a7-5626-0790-7@dCNY12.00 | |
| 100 | @a20000222d1998 km y0chiy0120 ea | |
| 101 | @achi | |
| 105 | @a z 000yy | |
| 200 | 1 | @a海空雄鹰@AHai Kong Xiong Ying@e海军航空兵@EHai Jun Hang Kong Bing@f王校轩,李怀成编著 |
| 210 | @a北京@c国防大学出版社@d1998.3 | |
| 215 | @a243页@d32开 | |
| 225 | @a现代兵种与战争丛书 | |
| 410 | @12001 @a现代兵种与战争丛书 | |
| 517 | @a海军航空兵@AHai Jun Hang Kong Bing | |
| 606 | 0 | @a武装力量@y世界 |
| 606 | 0 | @a军种@y世界 |
| 606 | 0 | @a兵种@y世界 |
| 690 | @aE15-51@v1 | |
| 701 | @a王校轩@4编著 | |
| 801 | @aCN@bTSTC@c20000222 | |
| 905 | @f5@b285060-064@dE15-51@e18:4 | |
| 海空雄鹰:海军航空兵/王校轩,李怀成编著.-北京:国防大学出版社,1998.3 |
| 243页;32开.-(现代兵种与战争丛书) |
| ISBN 7-5626-0790-7:CNY12.00 |
| ● |
| 相关链接 |
|
|
|
|
正题名:海空雄鹰
索取号:E15-51/18:4
 
预约/预借
| 序号 | 登录号 | 条形码 | 馆藏地/架位号 | 状态 | 备注 |
| 1 | 0285060 | 002850604 | 第一借阅区/ [索取号:E15-51/18:4] | 在馆 | |
| 2 | 0285061 | 002850613 | 密集书库/ [索取号:E15-51/18:4] | 在馆 | |
| 3 | 0285062 | 002850622 | 第一借阅区/ [索取号:E15-51/18:4] | 在馆 | |
| 4 | 0285063 | 002850631 | 密集书库/ [索取号:E15-51/18:4] | 在馆 | |
| 5 | 0285064 | 002850640 | 第一样本阅览室/ [索取号:E15-51/18:4] | 在馆 |